Normal view
MARC view
- Remarkable Places
Entry Topical Term
001 - CONTROL NUMBER
- control field: 107797
003 - CONTROL NUMBER IDENTIFIER
- control field: NUST
005 - DATE AND TIME OF LATEST TRANSACTION
- control field: 20230126135101.0
008 - FIXED-LENGTH DATA ELEMENTS
- fixed length control field: 230126|| aca||aabn | a|a d
040 ## - CATALOGING SOURCE
- Original cataloging agency: NUST
- Transcribing agency: NUST
150 ## - HEADING--TOPICAL TERM
- Topical term or geographic name entry element: Remarkable Places
670 ## - SOURCE DATA FOUND
- Source citation: Work cat.: (NUST)186382: Howwitt, William 107796, Visits to Remarkable Places /
